Christianity and national integration in Northeast India : (Record no. 6735)

MARC details
000 -LEADER
fixed length control field 01930cam a2200493 i 4500
001 - CONTROL NUMBER
control field 20421260
003 - CONTROL NUMBER IDENTIFIER
control field GBCCL
005 - DATE AND TIME OF LATEST TRANSACTION
control field 20241126110610.0
008 - FIXED-LENGTH DATA ELEMENTS--GENERAL INFORMATION
fixed length control field 171010s2018 ii b 000 0 eng d
010 ## -
-- 2017353203
020 ## - INTERNATIONAL STANDARD BOOK NUMBER
International Standard Book Number 9789351482604
Qualifying information (HB)
020 ## - INTERNATIONAL STANDARD BOOK NUMBER
International Standard Book Number 9789351482611
Qualifying information (PB)
020 ## - INTERNATIONAL STANDARD BOOK NUMBER
International Standard Book Number 935148260X
Qualifying information (HB)
020 ## - INTERNATIONAL STANDARD BOOK NUMBER
International Standard Book Number 9351482618
025 ## - OVERSEAS ACQUISITION NUMBER
Overseas acquisition number I-E-2017353203 ; 13-91 ; 69-91 ; 68-91
035 ## - SYSTEM CONTROL NUMBER
System control number (DLC)20421260
035 ## - SYSTEM CONTROL NUMBER
System control number (DLC)2017353203
035 ## - SYSTEM CONTROL NUMBER
System control number (OCoLC)on1023535893
035 ## - SYSTEM CONTROL NUMBER
System control number (OCoLC)1023535893
037 ## - SOURCE OF ACQUISITION
Source of stock number/acquisition Library of Congress -- New Delhi Overseas Office
040 ## - CATALOGING SOURCE
Original cataloging agency DKAGE
Language of cataloging eng
Description conventions rda
Transcribing agency DKAGE
Modifying agency DLC
042 ## -
-- lccopycat
-- lcode
043 ## -
-- a-ii---
050 00 -
-- BR1156.I4
-- S63 2018
082 04 - DEWEY DECIMAL CLASSIFICATION NUMBER
Classification number 275.41
Edition information 23
Item number SNA
100 1# - MAIN ENTRY--PERSONAL NAME
Personal name Snaitang, O. L.,
Dates associated with a name 1952-
Relator term author.
9 (RLIN) 2983
245 10 - TITLE STATEMENT
Title Christianity and national integration in Northeast India :
Remainder of title its role among tribes & communities for contributing towards cultural, educational, humanitarian and peace initiatives /
Statement of responsibility, etc. O.L. Snaitang ; foreword by David R. Syiemlieh.
264 #1 - PRODUCTION, PUBLICATION, DISTRIBUTION, MANUFACTURE, AND COPYRIGHT NOTICE
Place of production, publication, distribution, manufacture New Delhi :
Name of producer, publisher, distributor, manufacturer Christian World Imprints,
Date of production, publication, distribution, manufacture, or copyright notice 2018.
300 ## - PHYSICAL DESCRIPTION
Extent xiv, 185 pages ;
Dimensions 24 cm.
336 ## - CONTENT TYPE
Content type term text
Content type code txt
Source rdacontent
337 ## - MEDIA TYPE
Media type term unmediated
Media type code n
Source rdamedia
338 ## - CARRIER TYPE
Carrier type term volume
Carrier type code nc
Source rdacarrier
490 1# - SERIES STATEMENT
Series statement Christian heritage rediscovered ;
Volume/sequential designation 62
504 ## - BIBLIOGRAPHY, ETC. NOTE
Bibliography, etc. note Includes bibliographical references (pages 161-185).
650 #0 - SUBJECT ADDED ENTRY--TOPICAL TERM
Topical term or geographic name entry element Christianity
General subdivision Social aspects
Geographic subdivision India, Northeastern.
9 (RLIN) 12092
650 #0 - SUBJECT ADDED ENTRY--TOPICAL TERM
Topical term or geographic name entry element Christianity and politics
Geographic subdivision India, Northeastern.
9 (RLIN) 12093
650 #0 - SUBJECT ADDED ENTRY--TOPICAL TERM
Topical term or geographic name entry element Missions
Geographic subdivision India, Northeastern.
9 (RLIN) 12094
650 #0 - SUBJECT ADDED ENTRY--TOPICAL TERM
Topical term or geographic name entry element Tribes
Geographic subdivision India, Northeastern
General subdivision Religion.
9 (RLIN) 12095
651 #0 - SUBJECT ADDED ENTRY--GEOGRAPHIC NAME
Geographic name India, Northeastern
General subdivision Church history.
9 (RLIN) 2119
830 #0 -
-- Christian heritage rediscovered ;
-- 62.
-- 12096
906 ## - LOCAL DATA ELEMENT F, LDF (RLIN)
a 7
b cbc
c copycat
d 3
e ncip
f 20
g y-gencatlg
942 ## - ADDED ENTRY ELEMENTS (KOHA)
Source of classification or shelving scheme Dewey Decimal Classification
Koha item type Books
Koha issues (borrowed), all copies 24
Holdings
Withdrawn status Lost status Source of classification or shelving scheme Damaged status Not for loan Home library Current Library Shelving location Date acquired Source of acquisition Cost, normal purchase price Total checkouts Total renewals Full call number Barcode Date last seen Date last checked out Copy number Cost, replacement price Price effective from Koha item type
    Dewey Decimal Classification     GRACE BIBLE COLLEGE GRACE BIBLE COLLEGE North East Collection 2018-06-06 7 675.00 22 1 275.41 SNA 014716 2026-03-13 2026-03-10 c.1 750.00 2018-06-06 Books
    Dewey Decimal Classification     GRACE BIBLE COLLEGE GRACE BIBLE COLLEGE North East Collection 2018-06-06 7 675.00 20 2 275.41 SNA 014717 2026-03-04 2026-03-04 c.2 750.00 2018-06-06 Books
© Grace Bible College Library 2025